Statistics for Country Flags Seen in the Icelandic Flag

Click here to take the quiz!

General Stats

  • This quiz has been taken 50 times
  • The average score is 5 of 6

Answer Stats

Answer % Correct
France
100%
Poland
98%
Netherlands
86%
Indonesia
80%
Monaco
77%
Costa Rica
73%

Score Distribution

Percentile by Number Answered

Percent of People with Each Score

Your Score History

You have not taken this quiz